Biblioteca

Un diálogo sobre la educación teológica Latinoamericana (Registro nro. 61430)

Detalles MARC
000 -LÍDER
Campo fijo de descripción fija 01708cab a2200229 i 4500
001 - NÚMERO DE CONTROL
Campo de control 768714001
003 - IDENTIFICADOR DEL NÚMERO DE CONTROL
Campo de control CO-MdFUSB
005 - FECHA Y HORA DE LA ULTIMA TRANSACCIÓN
control field 20230111083426.0
008 - ELEMENTOS DE LONGITUD FIJA -- INFORMACIÓN GENERAL
Campo fijo de descripción fija -- Información general 180716s1996 gt ||||| |||| 00| 0 spa d
022 ## - NÚMERO INTERNACIONAL NORMALIZADO PARA PUBLICACIONES SERIADAS
Número Internacional Normalizado para Publicaciones Seriadas 1014-9341
040 ## - FUENTE DE CATALOGACIÓN
Agencia Catalogadora CO-MdFUSB
Idioma de catalogación spa
Agencia que realiza la transcripción CO-MdFUSB
Agencia que realiza la modificación CO-MdFUSB
041 ## - CÓDIGO DE IDIOMA
Código de idioma para texto/pista de sonido o título separado spa
100 1# - ASIENTO PRINCIPAL--NOMBRE PERSONAL
Nombre personal Asociación Evangélica de Educación Teológica en América Latina
Término relacionador autor
245 00 - TÍTULO
Título Un diálogo sobre la educación teológica Latinoamericana
Mención de responsabilidad / AETAL
300 ## - DESCRIPCIÓN FÍSICA
Extensión Número 19 (Julio - Diciembre, 1996), páginas 75-81
Dimensiones ; 22 cm
520 ## - NOTA DE RESUMEN, ETC.
Nota de sumario, etc. Las instituciones de educación teológica están recibiendo mucha crítica en estos días. Por un lado se dice que la educación teológica tradicional tiene un fuerte enfoque académico e intelectual que refleja la mentalidad del mundo occidental. Por otro lado, se dice que la educación teológica tradicional no está respondiendo a las necesidades actuales de las iglesias. AETAL (Asociación Evangélica de Educación Teológica de América Latina) auspició una consulta sobre este tema. En esa consulta participaron pastores, misioneros, educadores teológicos, administradores de instituciones de educación teológica y teólogos con el fin hablarse y escucharse mutuamente. Un resultado de esa consulta es este documento que aquí se presenta. Se incluye en él, retos y desafíos tanto para las instituciones como para las iglesias.
650 #0 - ASIENTO SECUNDARIO DE MATERIA - TERMINO TEMÁTICO
Término temático o nombre geográfico como elemento de entrada Teología práctica
9 (RLIN) 180
650 #7 - ASIENTO SECUNDARIO DE MATERIA - TERMINO TEMÁTICO
Término temático o nombre geográfico como elemento de entrada Educación
9 (RLIN) 395
Subdivisión general Teología
773 0# - ASIENTO DE ITEM FUENTE
Título Kairós
Biblionumber 49489
Itemnumber 61225
Parte(s) relacionada(s) / Volumen., número. (mes año), páginas Número 19 (Julio - Diciembre, 1996), páginas 75-81
Enumeración y primera página Página 75
773 0# - ASIENTO DE ITEM FUENTE
Biblionumber 49489
Itemnumber 81324
Parte(s) relacionada(s) / Volumen., número. (mes año), páginas Número 19 (Julio - Diciembre, 1996), páginas 75-81
Enumeración y primera página páginas75
Título Kairós
942 ## - TIPO DE MATERIAL (KOHA)
Tipo de Item KOHA Artículos de Revista

No hay ítems disponibles.

Biblioteca FUSBC | Teléfono: (57+4) 349 88 10 Ext. 141| WhatsApp (+57) 3005338115 
E-mail: biblioteca@unisbc.edu.co | Calle 76 87-14 Robledo Palenque, Medellín, Colombia

Con tecnología Koha